000 00721nam a2200217 i 4500
001 38362
003 ES-MaACL
005 20260130134301.0
007 t|
008 030225s1956 sp ||||1| spa d
100 1 _aCabezas, Juan Antonio,
_d1900-1993
_933200
245 1 0 _aAdelina Patti
_b: (la cantante de la voz de oro) /
_cpor Juan Antonio Cabezas ; [ilustraciones de Blanes].
260 _aMadrid :
_bBoris Bureba,
_c[1956] (
_fSánchez)
300 _a96 p. ;
_c20 cm.
490 1 _aComo fueron... ;
_v4
600 1 7 _aPatti, Adelina,
_d1843-1919
_2
_9161929
700 1 _aBlanes.
_929319
830 0 _aComo fueron... ;
_v4
_9229671
852 _aES-MaACL
_jC-11821
_bR.39083
999 _c38362
_d38362